[Event "N4  BME/ENHM"]
[Site "?"]
[Date "2006.10.15"]
[Round "1"]
[White "CAZZARO, Dorian"]
[Black "THYES, Romuald"]
[Result "0-1"]
[WhiteElo "1780"]
[BlackElo "2040"]
[PlyCount "76"]
[EventDate "2006.10.15"]
[SourceDate "2007.03.18"]

1. e4 e5 2. Nf3 Nc6 3. Bc4 Bc5 4. c3 Nf6 5. d4 exd4 6. cxd4 Bb4+ 7. Nc3 Bxc3+
8. bxc3 Nxe4 9. Qc2 (9. d5) 9... O-O 10. O-O d5 11. Bd3 f5 12. Nd2 Qf6 13. f3
Nxd4 14. Nxe4 dxe4 (14... fxe4 $3 15. cxd4 Qxd4+ $19) 15. Bc4+ Be6 16. Bxe6+
Nxe6 17. fxe4 Rad8 18. exf5 Nd4 19. Qe4 Nc6 20. Qc4+ Kh8 21. Bf4 Rd7 22. Rae1
Ne7 23. Re6 Qxf5 24. Rfe1 Ng6 25. Bg3 c6 26. R6e2 Qd5 27. Qb4 a5 28. Qa3 Kg8
29. Qa4 Qc5+ 30. Bf2 Qxc3 31. Qg4 Qd3 32. Re8 Qd6 33. Kh1 Rdf7 34. Qc4 Qd5 35.
Qc2 Rxe8 36. Rxe8+ Rf8 37. Re1 Qf5 38. Kg1 Qxc2 0-1

[Event "N4  BME/ENHM"]
[Site "?"]
[Date "2006.10.15"]
[Round "1"]
[White "DJELLOULI, Hassine"]
[Black "GODARD, Adrien"]
[Result "1-0"]
[WhiteElo "1900"]
[BlackElo "1680"]
[PlyCount "68"]
[EventDate "2006.10.15"]
[SourceDate "2007.03.18"]

1. d4 d5 2. c4 c6 3. Nc3 Nf6 4. Nf3 g6 5. Bf4 Bg7 6. e3 O-O 7. Bd3 Qb6 8. Qc2
Be6 9. b3 Na6 10. a3 c5 11. O-O Rac8 12. Na4 Qd8 13. Rac1 dxc4 14. bxc4 Nh5 15.
d5 Nxf4 16. exf4 Bg4 17. Ne5 Bd7 18. Rb1 b6 19. Nc3 Nc7 20. Rfe1 e6 21. d6 Ne8
22. Rbd1 Nxd6 23. Bxg6 hxg6 24. Rxd6 Bxe5 25. fxe5 Qc7 26. Ne4 Bc6 27. Ng5 Kg7
28. Rxe6 fxe6 29. Nxe6+ Kh7 30. Nxc7 Rxc7 31. e6 Re7 32. Qc3 Rfe8 33. Re3 Rxe6
34. Rxe6 Rxe6 1-0

[Event "N4  BME/ENHM"]
[Site "?"]
[Date "2006.10.15"]
[Round "1"]
[White "DHAUSSY, Zélie"]
[Black "MORET, Florian"]
[Result "0-1"]
[WhiteElo "1690"]
[BlackElo "1780"]
[PlyCount "76"]
[EventDate "2006.10.15"]
[SourceDate "2007.03.18"]

1. e4 e5 2. Nf3 Nc6 3. d4 exd4 4. Nxd4 Bc5 5. Be3 Qf6 6. c3 Nge7 7. Bc4 d6 8.
O-O Qg6 9. Nxc6 Nxc6 10. Bxc5 dxc5 11. Bb5 O-O 12. Bxc6 Qxc6 13. Qd5 Qg6 14. e5
Bh3 15. Rd1 c6 (15... Rad8 $3 $19) 16. Qf3 Bg4 17. Qd3 Bxd1 18. Qxd1 Qg5 19.
Na3 Qxe5 20. Nc4 Qd5 21. Qxd5 cxd5 22. Nd6 b6 23. Nf5 Rad8 24. Ne7+ Kh8 25. Rd1
d4 26. cxd4 Rxd4 27. Rb1 Rfd8 28. h3 Rd1+ 29. Rxd1 Rxd1+ 30. Kh2 Rd2 31. b3
Rxa2 32. Nc6 Rb2 33. Nxa7 Rxb3 34. Nc6 c4 35. Nd4 Rd3 36. Nc2 c3 37. g3 Rd2 38.
Na1 c2 0-1

[Event "N4  BME/ENHM"]
[Site "?"]
[Date "2006.10.15"]
[Round "1"]
[White "BARBELIN, Jean-Pierre"]
[Black "HUSSON, Christophe"]
[Result "1/2-1/2"]
[WhiteElo "1680"]
[BlackElo "1700"]
[PlyCount "67"]
[EventDate "2006.10.15"]
[SourceDate "2007.03.18"]

1. c4 c5 2. Nc3 Nc6 3. g3 e6 4. Bg2 Nf6 5. Nf3 Be7 6. e3 b6 7. O-O Rb8 8. d4 d5
9. cxd5 Nxd5 10. Nxd5 exd5 11. dxc5 Bxc5 12. a3 Be6 13. b4 Be7 14. Bb2 Bf6 15.
Bxf6 Qxf6 16. Rc1 Rc8 17. Nd4 Nxd4 18. Rxc8+ Bxc8 19. exd4 Qc6 20. Qc1 Bb7 21.
Re1+ Kd7 22. Bh3+ Kd8 23. Qg5+ Qf6 24. Qxf6+ gxf6 25. Bf5 h6 26. Kg2 Bc6 27.
Kf3 Bd7 28. Kf4 Rg8 29. h4 h5 30. f3 Bxf5 31. Kxf5 Rxg3 32. Re3 Rg6 33. b5 Kd7
34. a4 1/2-1/2

[Event "N4  BME/ENHM"]
[Site "?"]
[Date "2006.10.15"]
[Round "1"]
[White "ZEBAKH, Anouar"]
[Black "TALBOT, Remi"]
[Result "0-1"]
[WhiteElo "1470"]
[BlackElo "1650"]
[PlyCount "52"]
[EventDate "2006.10.15"]
[SourceDate "2007.03.18"]

1. e4 e5 2. Nf3 Nf6 3. Nc3 Bb4 4. Bc4 O-O 5. Nd5 Nxd5 6. Bxd5 c6 7. Bb3 d5 8.
O-O Bg4 9. h3 Bh5 10. g4 Bg6 11. exd5 e4 12. dxc6 Nxc6 13. Nh2 Qh4 14. Kg2 h5
15. d4 Rad8 16. c3 Bd6 17. Be3 Kh7 18. Qd2 hxg4 19. Nxg4 f6 20. Bf4 Bxf4 21.
Qxf4 f5 22. Rh1 Bh5 23. Bd1 fxg4 24. Qxe4+ Kg8 25. hxg4 Rxf2+ 26. Kg1 Qg3+ 0-1

[Event "N4  BME/ENHM"]
[Site "?"]
[Date "2006.10.15"]
[Round "1"]
[White "COLLIN, Camille"]
[Black "LEFEBVRE, Brice"]
[Result "0-1"]
[WhiteElo "1190"]
[BlackElo "1470"]
[PlyCount "58"]
[EventDate "2006.10.15"]
[SourceDate "2007.03.18"]

1. e4 e5 2. Nc3 Nf6 3. Bc4 b6 4. Nf3 d6 5. d3 Bb7 6. Be3 d5 7. exd5 Nxd5 8.
Nxe5 f6 9. Nf3 (9. Qh5+ g6 10. Nxg6 hxg6 11. Qxg6+ Ke7 12. Nxd5+ Bxd5 13. Bd4
Kd6 14. Bxf6 $18) 9... Nxe3 10. fxe3 Bc5 11. Qe2 Qe7 12. d4 Bd6 13. O-O-O Nd7
14. e4 O-O-O 15. Rhe1 Bf4+ 16. Kb1 Rhe8 17. d5 Nc5 18. Rd4 Be5 19. Bb5 Bxd4 20.
Bxe8 Bxc3 21. bxc3 Rxe8 22. c4 Qxe4 23. Qd2 Qxc4 24. Rxe8+ Kd7 25. Re2 Bxd5 26.
c3 Ne4 27. Qd1 Nxc3+ 28. Kc1 Nxd1+ 29. Kxd1 Bxf3 0-1

[Event "N4  RETHEL/LA TOUR DU ROI"]
[Site "?"]
[Date "2006.10.15"]
[Round "1"]
[White "SOHIER, Renaud"]
[Black "PIERMEE, Emilien"]
[Result "0-1"]
[WhiteElo "1958"]
[BlackElo "2121"]
[PlyCount "50"]
[EventDate "2006.10.15"]
[SourceDate "2007.03.18"]

1. d4 Nf6 2. c4 e6 3. Nc3 Bb4 4. Qc2 d5 5. c5 O-O 6. Nf3 b6 7. cxb6 axb6 8. Bg5
Ba6 9. a3 Be7 10. b4 Bc4 11. Bxf6 Bxf6 12. e3 Bxf1 13. Kxf1 c5 14. b5 Qd6 15.
a4 Nd7 16. Qd3 Rfc8 17. Rc1 cxd4 18. Nxd4 Rxa4 19. Nc6 Bxc3 20. Rxc3 Rc4 21.
Qd2 Ne5 22. Rxc4 Nxc4 23. Qa2 Na5 24. g3 Nxc6 25. bxc6 Qxc6 0-1

[Event "N4  RETHEL/LA TOUR DU ROI"]
[Site "?"]
[Date "2006.10.15"]
[Round "1"]
[White "COLLET, Guillaume"]
[Black "NOIZET, Donatien"]
[Result "1-0"]
[WhiteElo "1982"]
[BlackElo "1880"]
[PlyCount "47"]
[EventDate "2006.10.15"]
[SourceDate "2007.03.18"]

1. e4 d5 2. exd5 Qxd5 3. Nc3 Qd8 4. d4 Nf6 5. Nf3 e6 6. Bg5 Bb4 7. Bd3 c6 8.
O-O Bxc3 9. bxc3 Nbd7 10. Qe2 h6 11. Bh4 O-O 12. Ne5 Qe7 13. Rfe1 Nb6 14. c4
Rd8 15. c3 Nbd7 16. Rad1 Re8 17. Bb1 Nf8 18. Ng4 g5 19. Nxh6+ Kh8 20. Bxg5 N8h7
21. Bh4 Qf8 22. Ng4 Qg7 23. Nxf6 Nxf6 24. Rd3 1-0

[Event "N4  RETHEL/LA TOUR DU ROI"]
[Site "?"]
[Date "2006.10.15"]
[Round "1"]
[White "LOUIS, André"]
[Black "NOIZET, Regis"]
[Result "1/2-1/2"]
[WhiteElo "1900"]
[BlackElo "1780"]
[PlyCount "75"]
[EventDate "2006.10.15"]
[SourceDate "2007.03.18"]

1. e4 e5 2. Nf3 Nf6 3. Nc3 Nc6 4. Bb5 d6 5. h3 Bd7 6. O-O g5 7. d4 g4 8. dxe5
gxf3 9. exf6 fxg2 10. Re1 Qxf6 11. Nd5 Qh4 12. Qf3 O-O-O 13. Bxc6 Bxc6 14. Qg4+
Qxg4 15. hxg4 Rg8 16. f3 Bxd5 17. exd5 Rg6 18. Re2 Bg7 19. c3 Rg8 20. Rxg2 f5
21. g5 h6 22. f4 hxg5 23. Rxg5 Rxg5+ 24. fxg5 Bh6 25. Kf2 Bxg5 26. Kf3 Bxc1 27.
Rxc1 Re8 28. Kf4 Re5 29. c4 c6 30. dxc6 bxc6 31. c5 Rd5 32. cxd6 Kd7 33. Rc4
Kxd6 34. Rc2 a5 35. Rh2 Kc5 36. Rc2+ Kb5 37. a4+ Kxa4 38. Rxc6 1/2-1/2

[Event "N4  RETHEL/LA TOUR DU ROI"]
[Site "?"]
[Date "2006.10.15"]
[Round "1"]
[White "ROBERT, Emmanuel"]
[Black "ROGNION, Eric"]
[Result "1/2-1/2"]
[WhiteElo "1670"]
[BlackElo "1880"]
[PlyCount "45"]
[EventDate "2006.10.15"]
[SourceDate "2007.03.18"]

1. e4 e6 2. d4 d5 3. exd5 exd5 4. c3 Bd6 5. Bd3 Ne7 6. Qh5 c6 7. Nf3 Ng6 8. O-O
Nd7 9. Re1+ Kf8 10. Bxg6 fxg6 11. Qg4 Be7 12. Qg3 Nf6 13. b3 Nh5 14. Qe5 Bf6
15. Ba3+ Kf7 16. Qd6 Qxd6 17. Bxd6 Be6 18. Nbd2 Rhe8 19. Ne5+ Bxe5 20. dxe5
Rad8 21. Nf3 Bc8 22. Ng5+ Kg8 23. Nf3 1/2-1/2

[Event "N4  RETHEL/LA TOUR DU ROI"]
[Site "?"]
[Date "2006.10.15"]
[Round "1"]
[White "HACENE, Ahmed"]
[Black "LAMBERT, Alban"]
[Result "1-0"]
[WhiteElo "1900"]
[BlackElo "1580"]
[PlyCount "99"]
[EventDate "2006.10.15"]
[SourceDate "2007.03.18"]

1. d4 d5 2. c4 c6 3. Nc3 Bf5 4. cxd5 cxd5 5. Qb3 e6 6. Qxb7 Nd7 7. e3 Ngf6 8.
Nf3 Bd6 9. Qa6 Qc7 10. Bd2 Qb6 11. Qxb6 Nxb6 12. Nb5 Bb8 13. Bb4 a6 14. Nd6+
Bxd6 15. Bxd6 Kd7 16. Bc5 Na4 17. Ba3 Rhc8 18. Bd3 Bxd3 19. Ne5+ Ke8 20. Nxd3
a5 21. O-O Rc2 22. Rab1 Rac8 23. f3 Rd2 24. Nc5 Nxc5 25. dxc5 Nd7 26. Rbc1 Re2
27. Rfe1 Rxe1+ 28. Rxe1 Kd8 29. Rc1 Nb6 30. b3 Nd7 31. f4 Nf6 32. Bb2 Ke7 33.
Bd4 Ne4 34. a3 f6 35. b4 axb4 36. axb4 Nd2 37. Rc3 Nc4 38. Rc1 e5 39. fxe5 fxe5
40. Ba1 Nxe3 41. Bxe5 g6 42. b5 Nc4 43. Bd4 h5 44. c6 Kd6 45. Rf1 Na3 46. Rf6+
Kc7 47. b6+ Kb8 48. Be5+ Ka8 49. b7+ Ka7 50. bxc8=Q 1-0

[Event "N4  RETHEL/LA TOUR DU ROI"]
[Site "?"]
[Date "2006.10.15"]
[Round "1"]
[White "PURAT, Adrien"]
[Black "HALFAOUI, Eddine"]
[Result "0-1"]
[WhiteElo "1370"]
[BlackElo "1530"]
[PlyCount "68"]
[EventDate "2006.10.15"]
[SourceDate "2007.03.18"]

1. e4 e5 2. Nf3 Nc6 3. Bc4 Bc5 4. d3 Nge7 5. Nc3 O-O 6. Be3 Bb4 7. Qe2 d5 8.
exd5 Nxd5 9. Bd2 Nf4 10. O-O-O Nxe2+ 11. Nxe2 Bxd2+ 12. Rxd2 Bg4 13. Nc3 Bxf3
14. gxf3 Qg5 15. Kb1 Qxd2 16. Ne4 Qb4 17. a3 Qb6 18. Rg1 Nd4 19. Rg3 Nb5 20.
Rg2 Nxa3+ 21. Kc1 Nxc4 22. dxc4 Qb4 23. Rg1 Rad8 24. h4 f5 25. Nc3 Qd6 26. Kb1
Qd2 27. Rf1 Rd4 28. h5 e4 29. fxe4 fxe4 30. Rd1 Qxd1+ 31. Nxd1 Rxd1+ 32. Ka2
Rf6 33. b3 Rd2 34. Kb2 Rfxf2 0-1

[Event "N4  RETHEL/LA TOUR DU ROI"]
[Site "?"]
[Date "2006.10.15"]
[Round "1"]
[White "ROULE, Angela"]
[Black "PIERLOT, Aurore"]
[Result "0-1"]
[WhiteElo "1330"]
[BlackElo "1370"]
[PlyCount "60"]
[EventDate "2006.10.15"]
[SourceDate "2007.03.18"]

1. c4 e5 2. Nc3 Nf6 3. g3 d5 4. d3 Bb4 5. Bd2 Be6 6. e3 O-O 7. Nge2 Nc6 8. Bg2
d4 9. Ne4 dxe3 10. Bxb4 exf2+ 11. Nxf2 Nxb4 12. Bxb7 Rb8 13. Bg2 Ng4 14. Nc1
Nxf2 15. Kxf2 Qd4+ 16. Ke1 Qxb2 17. Rb1 Qxg2 18. Rf1 Qxh2 19. Qd2 Qxg3+ 20. Rf2
c5 21. a3 Nc6 22. Nb3 Nd4 23. Qd1 Bg4 24. Qc1 Qxd3 25. Rbb2 Rxb3 26. Rxb3 Nxb3
27. Qc2 Qe3+ 28. Kf1 Rd8 29. Kg1 Rd1+ 30. Qxd1 Bxd1 0-1

[Event "N4  RETHEL/LA TOUR DU ROI"]
[Site "?"]
[Date "2006.10.15"]
[Round "1"]
[White "GERARDIN, David"]
[Black "LASSALLE, Arnaud"]
[Result "0-1"]
[WhiteElo "1710"]
[BlackElo "2000"]
[PlyCount "48"]
[EventDate "2006.10.15"]
[SourceDate "2007.03.18"]

1. e4 c5 2. Nf3 d6 3. d4 cxd4 4. Nxd4 Nf6 5. Nc3 g6 6. Be3 Bg7 7. f3 Nc6 8. Qd2
O-O 9. O-O-O Bd7 10. Be2 Rc8 11. g4 Ne5 12. h4 Nc4 13. Bxc4 Rxc4 14. h5 Qa5 15.
hxg6 fxg6 16. Bh6 Nxe4 17. fxe4 Rxd4 18. Qe2 Rxd1+ 19. Kxd1 Bxh6 20. Rxh6 Qg5
21. Qd2 Bxg4+ 22. Ke1 Rf1+ 23. Kxf1 Qxd2 24. Rh4 h5 0-1

[Event "N4  REIMS/RILLY"]
[Site "?"]
[Date "2006.10.15"]
[Round "1"]
[White "DROIT, Vincent"]
[Black "BARDOUX, Thierry"]
[Result "1/2-1/2"]
[WhiteElo "2069"]
[BlackElo "2156"]
[PlyCount "107"]
[EventDate "2006.10.15"]
[SourceDate "2007.03.18"]

1. c4 Nf6 2. Nc3 g6 3. Nf3 Bg7 4. g3 O-O 5. Bg2 d6 6. O-O e5 7. d3 Nc6 8. Rb1
a5 9. a3 Nh5 10. b4 axb4 11. axb4 h6 12. b5 Ne7 13. Bb2 f5 14. Ra1 Rb8 15. Qc2
f4 16. Nd2 Bg4 17. h3 Be6 18. Nde4 Nf5 19. g4 Nd4 20. Qd1 f3 21. Bxf3 Nxf3+ 22.
exf3 Nf4 23. Bc1 Nxh3+ 24. Kg2 Nf4+ 25. Bxf4 Rxf4 26. Qe2 c6 27. bxc6 bxc6 28.
Rfb1 d5 29. cxd5 cxd5 30. Nc5 Bf7 31. Rxb8 Qxb8 32. Rb1 Qc7 33. N3a4 Qa5 34.
Qc2 Kh7 35. Nb6 Rb4 36. Rxb4 Qxb4 37. Ncd7 Qd6 38. Qc5 Qxc5 39. Nxc5 g5 40.
Nbd7 Be8 41. Kf1 Kg6 42. Ke2 Kf7 43. Nb6 Bc6 44. Kd2 Bf8 45. Nb3 Bd6 46. d4 Ke6
47. Kc3 Bb5 48. Kd2 Bf8 49. Ke3 Bg7 50. Nc5+ Ke7 51. Nc8+ Kf6 52. Nd6 Bc6 53.
Nf5 Bf8 54. dxe5+ 1/2-1/2

[Event "N5  REIMS/RILLY"]
[Site "?"]
[Date "2006.10.15"]
[Round "1"]
[White "GASIOR, Jerome"]
[Black "DJELLOULI, Hassine"]
[Result "1-0"]
[WhiteElo "2108"]
[BlackElo "1980"]
[PlyCount "145"]
[EventDate "2006.10.15"]
[SourceDate "2007.03.18"]

1. e4 e6 2. d4 d5 3. Nd2 Nf6 4. e5 Nfd7 5. Bd3 c5 6. c3 Nc6 7. Ne2 Qb6 8. Nf3
cxd4 9. cxd4 f6 10. exf6 Nxf6 11. O-O g6 12. Re1 Bg7 13. Nf4 O-O 14. Bc2 e5 15.
dxe5 Ng4 16. Qxd5+ Kh8 17. Nd3 Bf5 18. Qb3 Qxb3 19. axb3 Rad8 20. Rd1 Ngxe5 21.
Nfxe5 Bxe5 22. Nxe5 Bxc2 23. Rxd8 Nxd8 24. Rxa7 Re8 25. f4 Bxb3 26. Bd2 Bd5 27.
Ra8 Kg8 28. Rb8 Bf7 29. Nxf7 Kxf7 30. Ba5 Nc6 31. Rxb7+ Ke6 32. Rb6 Kd5 33. Bc3
Re4 34. g3 Re2 35. Rb7 Rc2 36. Rxh7 Ke4 37. Rd7 Kf3 38. Rd1 Ne7 39. Rf1+ Kg4
40. Rf2 Rc1+ 41. Kg2 Nd5 42. h3+ Kf5 43. Bd2 Rb1 44. Re2 Nb6 45. Re5+ Kf6 46.
Bc3 Na4 47. Bd4 Rd1 48. Rd5+ Ke6 49. Rd8 Nxb2 50. Re8+ Kd7 51. Re4 Nc4 52. Bc3
Nd6 53. Rd4 Rxd4 54. Bxd4 Nf5 55. Bf2 Ke6 56. Kf3 Nh6 57. Ke4 Nf5 58. Kf3 Nh6
59. g4 Kd5 60. Be3 Nf7 61. Bc1 Nd6 62. Bb2 Ke6 63. Be5 Nf7 64. Ke4 Nh6 65. Bg7
Ng8 66. h4 Kf7 67. Bd4 Nh6 68. Kf3 Ke6 69. f5+ gxf5 70. g5 Ng8 71. h5 Ne7 72.
h6 Ng6 73. h7 1-0

[Event "N4  REIMS/RILLY"]
[Site "?"]
[Date "2006.10.15"]
[Round "1"]
[White "PIERQUIN, Bernard"]
[Black "RAULET, Alain"]
[Result "0-1"]
[WhiteElo "1960"]
[BlackElo "2040"]
[PlyCount "82"]
[EventDate "2006.10.15"]
[SourceDate "2007.03.18"]

1. e4 c5 2. c3 b6 3. d4 cxd4 4. cxd4 Bb7 5. Nc3 Nf6 6. Bd3 g6 7. Nf3 Bg7 8. O-O
O-O 9. h3 d6 10. Be3 e6 11. Rc1 h6 12. Nh2 Nc6 13. a3 Nd7 14. Bb1 Rc8 15. b4
Nf6 16. f4 a5 17. b5 Ne7 18. Qe1 d5 19. e5 Ne4 20. g4 Qd7 21. Bxe4 dxe4 22. a4
Rc7 23. Qd2 Rfc8 24. Ne2 Nd5 25. Rxc7 Rxc7 26. Rc1 Bf8 27. Rxc7 Qxc7 28. Nf1
Bb4 29. Qc1 Qe7 30. Nfg3 Ba3 31. Qd2 Nxe3 32. Qxe3 Qb4 33. Nc3 Qb3 34. Kf2 Qc2+
35. Nge2 Bb4 36. Kf1 Qd3 37. Kf2 Qc2 38. Kf1 Qb2 39. Kf2 Qa1 40. Qd2 Qh1 41.
Qe3 Qf3+ 0-1

[Event "N5  REIMS/RILLY"]
[Site "?"]
[Date "2006.10.15"]
[Round "1"]
[White "LABROCHE, Jérome"]
[Black "BRAJON, Eric"]
[Result "1/2-1/2"]
[WhiteElo "1980"]
[BlackElo "1840"]
[PlyCount "27"]
[EventDate "2006.10.15"]
[SourceDate "2007.03.18"]

1. e4 g6 2. Nc3 d6 3. Nge2 Bg7 4. d3 Nf6 5. h3 h5 6. Be3 c5 7. g3 Nc6 8. f4 Qb6
9. a4 Nd4 10. a5 Qxb2 11. Ra2 Qb4 12. Ra4 Qb2 (12... Nxe2 13. Rxb4 Nxc3 14. Qa1
cxb4 $19 15. Qb2 a6 16. Qxb4 Nb5 $19) 13. Ra2 Qb4 14. Ra4 1/2-1/2

[Event "N5  REIMS/RILLY"]
[Site "?"]
[Date "2006.10.15"]
[Round "1"]
[White "PETIT, Christian"]
[Black "MEUNIER, Samuel"]
[Result "0-1"]
[WhiteElo "1840"]
[BlackElo "1889"]
[PlyCount "110"]
[EventDate "2006.10.15"]
[SourceDate "2007.03.18"]

1. e4 c5 2. Nf3 Nc6 3. g3 d6 4. Bg2 g6 5. O-O Bg7 6. c3 e5 7. d3 Nf6 8. Nh4 O-O
9. f4 Qe7 10. Na3 a6 11. Nc4 Qc7 12. a4 b6 13. Be3 Bb7 14. Qb3 Nd7 15. f5 Na5
16. Nxa5 bxa5 17. fxg6 hxg6 18. Nxg6 c4 19. Ne7+ Kh8 20. Qd1 Nf6 21. Nf5 d5 22.
Bg5 Nh7 23. Qh5 Qb6+ 24. Kh1 cxd3 25. exd5 (25. Nxg7 $3 Kxg7 (25... Qg6 26. Bf6
$18) 26. Bf6+ Nxf6 27. Qg5+ Kh7 28. Rxf6 $18) 25... Rae8 26. Be4 Qg6 27. Qxg6
fxg6 28. Nxg7 Kxg7 29. Be3 Nf6 30. Bxd3 Nxd5 31. Be4 Rxf1+ 32. Rxf1 Nxe3 33.
Bxb7 Nxf1 34. Kg2 Nd2 35. Bxa6 e4 36. Kf2 Nb3 37. Ke3 Kf6 38. Bc4 Nc5 39. b4
axb4 40. cxb4 Nb7 41. a5 Nd6 42. Bd5 Nf5+ 43. Ke2 Nd4+ 44. Ke3 Nc2+ 45. Ke2
Nxb4 46. Bc4 Ra8 47. Ke3 Ke5 48. h4 Nd5+ 49. Ke2 Rxa5 50. g4 Ra4 51. Bb3 Nf4+
52. Ke1 e3 53. h5 gxh5 54. gxh5 Ra1+ 55. Bd1 e2 0-1

[Event "N5  REIMS/RILLY"]
[Site "?"]
[Date "2006.10.15"]
[Round "1"]
[White "WATIN, Logan"]
[Black "DELIAS, Gerard"]
[Result "1/2-1/2"]
[WhiteElo "1500"]
[BlackElo "1660"]
[PlyCount "39"]
[EventDate "2006.10.15"]
[SourceDate "2007.03.18"]

1. e4 c5 2. Nf3 e6 3. d4 cxd4 4. Nxd4 a6 5. Nc3 Qc7 6. Be2 Nf6 7. a3 b5 8. Nb3
Bb7 9. Bd3 d5 10. Qe2 Bd6 11. h3 O-O 12. O-O Nbd7 13. Bd2 Rac8 14. Rac1 Rfd8
15. Rfd1 Ne5 16. Bg5 Be7 17. Bf4 Bd6 18. Bg5 Be7 19. Bf4 Bd6 20. Bg5 1/2-1/2

[Event "N5  REIMS/RILLY"]
[Site "?"]
[Date "2006.10.15"]
[Round "1"]
[White "BIGNIAUX, Mickael"]
[Black "MENISSIER, Fabien"]
[Result "1-0"]
[WhiteElo "1710"]
[BlackElo "1530"]
[PlyCount "61"]
[EventDate "2006.10.15"]
[SourceDate "2007.03.18"]

1. d4 e6 2. e3 c5 3. c3 b6 4. Bd3 Bb7 5. Nf3 Nf6 6. Nbd2 Nc6 7. O-O Qc7 8. e4
O-O-O 9. a3 h6 10. b4 g5 11. bxc5 bxc5 12. e5 Nd5 13. Ne4 cxd4 14. Nxd4 Nxc3
15. Nd6+ Bxd6 16. exd6 Qxd6 17. Nb5 Nxb5 18. Bxb5 Qxd1 19. Rxd1 d5 20. Bb2 Rhg8
21. Rac1 Kd7 22. Bd4 a6 23. Ba4 Rc8 24. Rb1 Rb8 25. Be5 f5 26. Rdc1 Ke7 27.
Bxc6 Bxc6 28. Rxb8 Rxb8 29. Bxb8 Bb5 30. Be5 h5 31. Rc7+ 1-0

[Event "N4 BOGNY/TGV"]
[Site "?"]
[Date "2006.10.15"]
[Round "1"]
[White "GUYON, Cyndie"]
[Black "BELLOY, Julien"]
[Result "0-1"]
[WhiteElo "1864"]
[BlackElo "2010"]
[PlyCount "68"]
[EventDate "2006.10.18"]
[SourceDate "2007.03.18"]

1. d4 Nf6 2. c4 g6 3. Nc3 d5 4. Nf3 Bg7 5. cxd5 Nxd5 6. Bd2 O-O 7. e4 Nxc3 8.
Bxc3 c5 9. d5 Nd7 10. Bxg7 Kxg7 11. Qd2 Nf6 12. Bd3 Re8 13. O-O e6 14. dxe6
Bxe6 15. Qc2 Qe7 16. Nd2 Rac8 17. f4 c4 18. Be2 Qc5+ 19. Kh1 Qe3 20. Rae1 Red8
21. e5 Qxd2 22. exf6+ Kxf6 23. Qe4 Qd5 24. Qe5+ Qxe5 25. fxe5+ Kg7 26. Bf3 Rd2
27. Re2 Rxe2 28. Bxe2 Rc5 29. Bf3 Rxe5 30. Bxb7 Rb5 31. Bc6 Rxb2 32. a4 c3 33.
Rc1 c2 34. Be4 Bf5 0-1

[Event "N4 BOGNY/TGV"]
[Site "?"]
[Date "2006.10.15"]
[Round "1"]
[White "CARRE, Cedric"]
[Black "FLAMANT, Jacky"]
[Result "1-0"]
[WhiteElo "2086"]
[BlackElo "1932"]
[PlyCount "79"]
[EventDate "2006.10.18"]
[SourceDate "2007.03.18"]

1. d4 Nf6 2. Nf3 d5 3. g3 Bg4 4. Bg2 e6 5. O-O Nbd7 6. c4 dxc4 7. Nc3 c6 8. Bg5
Be7 9. e4 O-O 10. a4 a5 11. h3 Bh5 12. Qe2 Bg6 13. Rfe1 h6 14. Bxf6 Bxf6 15.
Qxc4 Nb6 16. Qe2 Qc7 17. Rac1 Rad8 18. Red1 Rd7 19. b3 Rfd8 20. Rd2 Qb8 21.
Rcd1 e5 22. dxe5 Bxe5 23. Rxd7 Rxd7 24. Nxe5 Qxe5 25. Rxd7 Nxd7 26. Qd2 Qe7 27.
Kh2 Nc5 28. Qd1 Qf6 29. Qc2 Qe6 30. Qd2 Qxb3 31. Qd8+ Kh7 32. Qd4 Ne6 33. Qe3
Qb4 34. f4 f6 35. f5 Bxf5 36. exf5 Nc5 37. Ne2 Nxa4 38. Nf4 Qb5 39. Qe8 Qxf5
40. Be4 1-0

[Event "N4 BOGNY/TGV"]
[Site "?"]
[Date "2006.10.15"]
[Round "1"]
[White "PRIOUX, Michel"]
[Black "BELLOY, Nicolas"]
[Result "0-1"]
[WhiteElo "1851"]
[BlackElo "2050"]
[PlyCount "98"]
[EventDate "2006.10.18"]
[SourceDate "2007.03.18"]

1. d4 d5 2. c4 c6 3. Nf3 Nf6 4. Nc3 e6 5. e3 Nbd7 6. Bd3 Bd6 7. cxd5 exd5 8.
Bd2 O-O 9. Qc2 Re8 10. O-O-O b5 11. Ng5 Nf8 12. e4 b4 13. Na4 dxe4 14. Nxe4
Nxe4 15. Bxe4 Bd7 16. Nc5 Bxc5 17. dxc5 Qa5 18. b3 Re5 19. Be3 Rae8 20. Bxh7+
Nxh7 21. Rxd7 Nf6 22. Rd3 Ne4 23. Rhd1 Nc3 24. R1d2 Ne4 25. Rd1 Nxc5 26. Rd4
Ne4 27. Rc4 Nc3 28. Rd2 Qa3+ 29. Qb2 Nxa2+ 30. Kd1 Qxb2 31. Rxb2 Nc3+ 32. Kc2
Nd5 33. Rxc6 Nxe3+ 34. fxe3 Rxe3 35. Rd6 Rc8+ 36. Kd2 Rcc3 37. Rd8+ Kh7 38. Ra2
Rxb3 39. Rxa7 Rec3 40. Ke2 Rb2+ 41. Rd2 Rb1 42. Rxf7 b3 43. Rb7 Rc2 44. Kd3 Kh6
45. Rb5 g6 46. Rb4 Kh5 47. Rc4 Rxd2+ 48. Kxd2 b2 49. Kc2 Rc1+ 0-1

[Event "N4 BOGNY/TGV"]
[Site "?"]
[Date "2006.10.15"]
[Round "1"]
[White "HENTZIEN, Maxime"]
[Black "LEGHBALI, Sophiane"]
[Result "0-1"]
[WhiteElo "1992"]
[BlackElo "1790"]
[PlyCount "98"]
[EventDate "2006.10.18"]
[SourceDate "2007.03.18"]

1. e4 e6 2. d4 d5 3. e5 c5 4. c3 Nc6 5. Nf3 Qb6 6. a3 cxd4 7. cxd4 Nge7 8. b4
Nf5 9. Bb2 Be7 10. Be2 O-O 11. O-O Bd7 12. Qd2 Rac8 13. Rd1 a6 14. Nc3 Na7 15.
Rac1 Bb5 16. Bxb5 Nxb5 17. Na4 Qa7 18. Nc5 b6 19. Nb3 Qb7 20. Qd3 Na7 21. h3
Nc6 22. Rc3 Rc7 23. Rdc1 Rfc8 24. g4 Nh4 25. Nxh4 Bxh4 26. b5 axb5 27. Qxb5 Kf8
28. a4 Na7 29. Ba3+ Be7 30. Rxc7 Rxc7 31. Bxe7+ Kxe7 32. Qb4+ Ke8 33. Qd6 Rxc1+
34. Nxc1 Nc8 35. Qb4 Qc6 36. Ne2 Qc4 37. Qxc4 dxc4 38. f4 Kd7 39. Kf2 Kc6 40.
Ke3 Ne7 41. Ke4 Nd5 42. f5 b5 43. axb5+ Kxb5 44. fxe6 fxe6 45. h4 Kb4 46. g5 g6
47. Nc1 Kc3 48. Ne2+ Kb2 49. Kf3 c3 0-1

[Event "N4 BOGNY/TGV"]
[Site "?"]
[Date "2006.10.15"]
[Round "1"]
[White "WACZECKA, Jerome"]
[Black "BIESBROUCK, Philippe"]
[Result "1/2-1/2"]
[WhiteElo "1770"]
[BlackElo "1870"]
[PlyCount "90"]
[EventDate "2006.10.18"]
[SourceDate "2007.03.18"]

1. d4 g6 2. Nf3 Bg7 3. Bf4 e6 4. Nbd2 c5 5. c3 cxd4 6. cxd4 Nc6 7. e3 a6 8. a4
Nge7 9. Be2 d5 10. O-O O-O 11. Nb3 f6 12. h3 e5 13. dxe5 fxe5 14. Bg5 e4 15.
Nfd4 h6 16. Nxc6 bxc6 17. Bxe7 Qxe7 18. Qc2 Qg5 19. Kh1 Qh4 20. f4 Bxh3 21. Nd4
Bxd4 22. exd4 Bg4+ 23. Kg1 Bxe2 24. Qxe2 Rxf4 25. Rxf4 Qxf4 26. Rf1 Qd6 27. Qg4
Re8 28. Qe2 c5 29. dxc5 Qxc5+ 30. Kh1 Qa7 31. Rf6 Kg7 32. Rxa6 Qe7 33. Qe3 Qh4+
34. Kg1 Re7 35. Qd4+ Kh7 36. Ra8 Qe1+ 37. Kh2 Rg7 38. Qxd5 Qh4+ 39. Kg1 e3 40.
Re8 Qf2+ 41. Kh2 Qh4+ 42. Kg1 Qe1+ 43. Kh2 Qh4+ 44. Kg1 Qe1+ 45. Kh2 Qh4+
1/2-1/2

[Event "N4 BOGNY/TGV"]
[Site "?"]
[Date "2006.10.15"]
[Round "1"]
[White "BRODIER, Thierry"]
[Black "ALCIDI, Valentin"]
[Result "0-1"]
[WhiteElo "1760"]
[BlackElo "1830"]
[PlyCount "40"]
[EventDate "2006.10.18"]
[SourceDate "2007.03.18"]

1. e4 e5 2. Nf3 Nc6 3. d4 exd4 4. Nxd4 Bc5 5. Nxc6 Qf6 6. Qe2 dxc6 7. Nc3 Be6
8. a3 O-O-O 9. Be3 Bd4 10. Bxd4 Rxd4 11. Rd1 Nh6 12. Rxd4 Qxd4 13. f3 Rd8 14.
Qd3 Qb6 15. Qe2 Qxb2 16. Nd1 Qxa3 17. Qf2 Qa5+ 18. c3 Bb3 19. Be2 Bxd1 20. Bxd1
Qxc3+ 0-1

[Event "N4 BOGNY/TGV"]
[Site "?"]
[Date "2006.10.15"]
[Round "1"]
[White "RENARD, Luc"]
[Black "WILLE, Frederic"]
[Result "0-1"]
[WhiteElo "1650"]
[BlackElo "1690"]
[PlyCount "64"]
[EventDate "2006.10.18"]
[SourceDate "2007.03.18"]

1. d4 Nf6 2. Bg5 d5 3. e3 c6 4. c4 Qa5+ 5. Qd2 Qxd2+ 6. Nxd2 Nbd7 7. Ngf3 g6 8.
Bd3 Bg7 9. O-O O-O 10. Rfc1 Re8 11. Bxf6 Nxf6 12. Ne5 Bd7 13. cxd5 cxd5 14. Rc7
Bc8 15. Bb5 Rd8 16. Rxe7 a6 17. Bd3 Nd7 18. Nxd7 Bxd7 19. Rc1 Bf6 20. Rxd7 Rxd7
21. Nb3 b6 22. Rc6 Bd8 23. g3 Raa7 24. f3 b5 25. Nc5 Rdc7 26. Rd6 Be7 27. Rxd5
Bxc5 28. Rxc5 Rxc5 29. dxc5 Rd7 30. c6 Rxd3 31. c7 Rd1+ 32. Kf2 Rc1 0-1